Human dignity, this century and the next: an interdisciplinary inquiry into human rights technology war and the ideal society (Record no. 345886)

000 -LEADER
fixed length control field 00472cam a22001337a 4500
008 - FIXED-LENGTH DATA ELEMENTS--GENERAL INFORMATION
fixed length control field 180718b1970 xxu||||| |||| 00| 0 eng d
082 ## - DEWEY DECIMAL CLASSIFICATION NUMBER
Classification number AA G711
245 ## - TITLE STATEMENT
Title Human dignity, this century and the next: an interdisciplinary inquiry into human rights technology war and the ideal society
Statement of responsibility, etc. edited by Rubin Gotesky and Ervin Laszlo
260 ## - PUBLICATION, DISTRIBUTION, ETC.
Place of publication, distribution, etc. New York
Name of publisher, distributor, etc. Science Pub.
Date of publication, distribution, etc. 1970
300 ## - PHYSICAL DESCRIPTION
Extent 380p.
650 ## - SUBJECT ADDED ENTRY--TOPICAL TERM
Topical term or geographic name entry element Philosophy
700 ## - ADDED ENTRY--PERSONAL NAME
Personal name Laszlo, Ervin
700 ## - ADDED ENTRY--PERSONAL NAME
Personal name Gotesky, Rubin
Holdings
Withdrawn status Lost status Damaged status Not for loan Permanent Location Current Location Date acquired Full call number Barcode Date last seen Price effective from Koha item type
        Indian Institute of Public Administration Indian Institute of Public Administration 1993-10-08 AA G711 48817 2018-07-21 2018-07-21 Book

Powered by Koha